<?xml version="1.0" encoding="UTF-8"?><?xml-stylesheet type="text/xsl" href="static/style.xsl"?><OAI-PMH xmlns="http://www.openarchives.org/OAI/2.0/" xmlns:xsi="http://www.w3.org/2001/XMLSchema-instance" xsi:schemaLocation="http://www.openarchives.org/OAI/2.0/ http://www.openarchives.org/OAI/2.0/OAI-PMH.xsd"><responseDate>2026-04-17T04:22:45Z</responseDate><request verb="GetRecord" identifier="oai:www.recercat.cat:10230/58848" metadataPrefix="marc">https://recercat.cat/oai/request</request><GetRecord><record><header><identifier>oai:recercat.cat:10230/58848</identifier><datestamp>2025-12-24T08:50:20Z</datestamp><setSpec>com_2072_6</setSpec><setSpec>col_2072_452952</setSpec></header><metadata><record xmlns="http://www.loc.gov/MARC21/slim" xmlns:dcterms="http://purl.org/dc/terms/" xmlns:xsi="http://www.w3.org/2001/XMLSchema-instance" xmlns:doc="http://www.lyncode.com/xoai" xsi:schemaLocation="http://www.loc.gov/MARC21/slim http://www.loc.gov/standards/marcxml/schema/MARC21slim.xsd">
   <leader>00925njm 22002777a 4500</leader>
   <datafield ind2=" " ind1=" " tag="042">
      <subfield code="a">dc</subfield>
   </datafield>
   <datafield ind2=" " ind1=" " tag="720">
      <subfield code="a">Agüero-San Juan, Sebastián</subfield>
      <subfield code="e">author</subfield>
   </datafield>
   <datafield ind2=" " ind1=" " tag="260">
      <subfield code="c">2024-01-29T07:21:32Z</subfield>
   </datafield>
   <datafield ind2=" " ind1=" " tag="260">
      <subfield code="c">2024-01-29T07:21:32Z</subfield>
   </datafield>
   <datafield ind2=" " ind1=" " tag="260">
      <subfield code="c">2015</subfield>
   </datafield>
   <datafield ind2=" " ind1=" " tag="520">
      <subfield code="a">El estudio de las antinomias entre enunciados normativos que no poseen una modalización deóntica aún no ha sido desarrollo de manera suficiente por la Teoría del Derecho. Por ende, el presente artículo se propone describir y analizar la noción de antinomias y sus condiciones de ocurrencia entre este tipo de enunciados normativos. Para realizar este propósito se utiliza la noción de inconsistencia propuesta por P.F. Strawson, y a partir de ella se desarrollan y ejemplifican diversos criterios de identificación de las antinomias entre estos enunciados normativos, para luego vincular estos criterios con las condiciones de ocurrencia de las antinomias. Así, se obtiene una primera propuesta capaz de contribuir en el estudio de las antinomias entre los enunciados normativos sin modalización deóntica, integrantes de los sistemas jurídicos.</subfield>
   </datafield>
   <datafield tag="653" ind2=" " ind1=" ">
      <subfield code="a">Antinomia</subfield>
   </datafield>
   <datafield tag="653" ind2=" " ind1=" ">
      <subfield code="a">Inconsistencia</subfield>
   </datafield>
   <datafield tag="653" ind2=" " ind1=" ">
      <subfield code="a">Enunciado normativo</subfield>
   </datafield>
   <datafield ind2="0" ind1="0" tag="245">
      <subfield code="a">Las antinomias y sus condiciones de surgimiento: una propuesta para los enunciados normativos</subfield>
   </datafield>
   <datafield ind2="0" ind1="0" tag="245">
      <subfield code="a">The antinomies and their occurrence conditions. A proposal for the normative statements</subfield>
   </datafield>
</record></metadata></record></GetRecord></OAI-PMH>